Bibliotecas y clase social en la España de Carlos V (1516-1556) / (Record n. 28221)

Dettagli MARC
000 -LEADER
fixed length control field 01044nam a2200265 i 4500
003 - CONTROL NUMBER IDENTIFIER
control field IT-RoINE
005 - DATE AND TIME OF LATEST TRANSACTION
control field 20210217070459.0
008 - FIXED-LENGTH DATA ELEMENTS--GENERAL INFORMATION
fixed length control field 161125s2016 sp |r 000|| spa|d
020 ## - INTERNATIONAL STANDARD BOOK NUMBER
International Standard Book Number 9788497049474
040 ## - CATALOGING SOURCE
Original cataloging agency SpMaBN
Transcribing agency SpMaBN IT-RoINE
Modifying agency IT-RoINE
245 00 - TITLE STATEMENT
Title Bibliotecas y clase social en la España de Carlos V (1516-1556) /
Statement of responsibility, etc José María Díez Borque (dir.), Isabel Díez Ménguez (ed.)
260 ## - PUBLICATION, DISTRIBUTION, ETC. (IMPRINT)
Place of publication, distribution, etc Somonte-Cenero, Gijón :
Name of publisher, distributor, etc Trea,
Date of publication, distribution, etc D.L. 2016.
300 ## - PHYSICAL DESCRIPTION
Extent 134 p. ;
Other physical details 24 cm.
336 ## - CONTENT TYPE
Content type term Texto (visual)
Source isbdcontent
337 ## - MEDIA TYPE
Source rdamedia
Media type term unmediated
338 ## - CARRIER TYPE
Source rdacarrier
Carrier type term volume
490 1# - SERIES STATEMENT
Series statement Biblioteconomía y administración cultural ;
Volume number/sequential designation 294
504 ## - BIBLIOGRAPHY, ETC. NOTE
Bibliography, etc Bibliografía: p. 133-134.
650 #4 - SUBJECT ADDED ENTRY--TOPICAL TERM
Topical term or geographic name as entry element Bibliotecas privadas
Geographic subdivision España
Chronological subdivision Siglo 16o.
9 (RLIN) 55672
650 #4 - SUBJECT ADDED ENTRY--TOPICAL TERM
Topical term or geographic name as entry element Libros y lectura
Geographic subdivision España
Chronological subdivision Siglo 16o.
9 (RLIN) 55673
700 1# - ADDED ENTRY--PERSONAL NAME
Personal name Díez Borque, José María,
Dates associated with a name 1947-
9 (RLIN) 14393
700 1# - ADDED ENTRY--PERSONAL NAME
Personal name Díez Ménguez, Isabel,
Dates associated with a name 1968-
9 (RLIN) 55674
830 #0 - SERIES ADDED ENTRY--UNIFORM TITLE
9 (RLIN) 13329
Uniform title Biblioteconomía y administración cultural (Trea) ;
Volume number/sequential designation 294
942 ## - ADDED ENTRY ELEMENTS (KOHA)
Item type Monografías
Dati di copia
Withdrawn status Lost status Damaged status Not for loan Home library Current library Date acquired Total Checkouts Full call number Barcode Date last seen Price effective from Koha item type
        Iglesia Nacional Española en Roma Iglesia Nacional Española en Roma 20/12/2018   HIS.ESP.3. 452 53915 20/12/2018 20/12/2018 Monografías